Don Fray Juan de Zumárraga, primer obispo y arzobispo de México (Record no. 2696)

MARC details
000 -CABECERA
campo de control de longitud fija 00726nam a2200193 a 4500
001 - NÚMERO DE CONTROL
campo de control BRCA_2957
005 - FECHA Y HORA DE LA ÚLTIMA TRANSACCIÓN
campo de control 20190320204038.0
008 - DATOS DE LONGITUD FIJA--INFORMACIÓN GENERAL
campo de control de longitud fija 161208s1881----mx-a---###---#000-0#spa-u
050 #4 - SIGNATURA TOPOGRÁFICA DE LA BIBLIOTECA DEL CONGRESO
Número de clasificación BX4705
Número de documento/Ítem .G37Z86 1881
100 1# - ENTRADA PRINCIPAL--NOMBRE DE PERSONA
Nombre de persona García Icazbalceta, Joaquin
Fechas asociadas al nombre 1825-1894
9 (RLIN) 8117
245 10 - MENCIÓN DE TÍTULO
Título Don Fray Juan de Zumárraga, primer obispo y arzobispo de México
Resto del título estudio biográfico y bibliográfico
Mención de responsabilidad, etc. por Joaquin García Icazbalceta.
260 ## - PUBLICACIÓN, DISTRIBUCIÓN, ETC.
Lugar de publicación, distribución, etc. México
Nombre del editor, distribuidor, etc. Andrade y Morales
Fecha de publicación, distribución, etc. 1881
300 ## - DESCRIPCIÓN FÍSICA
Extensión 1 v. (en varias paginaciones)
Otras características físicas il.
Dimensiones 22 cm.
500 ## - NOTA GENERAL
Nota general Incluye apéndice de documentos inéditos o raros e índice temático.
500 ## - NOTA GENERAL
Nota general B106
600 14 - PUNTO DE ACCESO ADICIONAL DE MATERIA--NOMBRE DE PERSONA
Nombre de persona Zumarraga, Fray Juan de
Fechas asociadas al nombre 1468-1548
9 (RLIN) 8215
902 ## - CATALOGADOR
Iniciales GFM
942 ## - ELEMENTOS DE PUNTO DE ACCESO ADICIONAL (KOHA)
Fuente del sistema de clasificación o colocación Library of Congress Classification
Tipo de ítem Koha Libros
Holdings
Estado de retiro Estado de pérdida Estado dañado No para préstamo Localización permanente Ubicación/localización actual Fecha de adquisición Número de inventario Total de préstamos Signatura topográfica completa Código de barras Fecha visto por última vez Precio válido a partir de Tipo de ítem Koha
El ejemplar forma parte de la colección y puede ser consultado según las políticas vigentes.       Biblioteca del Museo Franz Mayer (Rogerio Casas-Alatriste) Biblioteca del Museo Franz Mayer (Rogerio Casas-Alatriste) 16/12/2008 B106   BX4705 .G37Z86 1881 (B106) 2954 22/03/2019 22/03/2019 Libros